000 00939nas a2200325 4500
001 BR0403642
003 BR-BrBNA
005 20231205104713.0
007 ta
008 230509b bl.|||p| |||| 00| 00por d
040 _aBR-BrBNA
_bpor
_cBiblioteca Nacional de Agricultura
041 _a(Pt)
072 _aL02; L52
100 1 _aLima, I.A.V.
100 1 _aMiyada, V.S.
245 1 _aCobre orgânico e inorgânico como promotores do crescimento de leitões recém-desmamados
650 _aLEITÃO
650 _aCOBRE
650 _aCOMPOSIÇÃO DE ALIMENTO
650 _aDIETA
650 _aMILHO
650 _aSOJA
650 _aFARELO
650 _aGANHO DE PESO
650 _aPERFORMANCE
650 _aDESMAMA
773 0 _tRevista Brasileira de Zootecnia (Brazil)
_xISSN 1516-3598
_g(Nov-Dec 2003), v. 32(6)Suplemento 1 p. 1657-1662
_wBR0403642
909 _a202311
_bLúcia
_c55
_dLúcia Elande
942 _2AGRIS
_n0
_cANA
999 _c179346
_d179346